00615nam a2200145Ia 4500008004100000100001700041245012600058245005500184260005300239260000900292650001500301856006100316999001900377952007300396170221s9999 xx 000 0 und d aTan Fee Yean 4aThe Mediating Role of Learning Goal Orientation in the Relationship between Work Engagement and Innovative Work Behavior  cTan Fee Yean, Johanim Johari, Khulida Kirana Yahya bInternational Review of Management and Marketing c2012 xMarketing. uhttp://www.econjournals.com/index.php/irmm/issue/view/91 c310471d310471 001040aCLbCLd2017-02-21l0r2017-02-21 00:00:00w2017-02-21yFOJ